000 00421nam a2200145 i 4500
001 25117
003 ES-MaACL
007 t|
008 021220s1909 sp ||||1| spa d
100 1 _aAragonés y Carsi, Pascual.
_922204
245 1 0 _aCompendio de Legislación hipotecaria /
_cpor Pascual Aragonés y Carsi.
260 _aMadrid :
_bJaime Ratés,
_c1909.
300 _a2 v. ;
_c19 cm.
852 _aES-MaACL
_jB-6957-6958
999 _c25117
_d25117